Movies Quiz

Random Movies or Clickable Quiz

Movie Quotes: Jeopardy Style II Quiz Stats

Quiz Updated Sep 21, 2015

Challenge
Share
Tweet
Embed
Score 0/30 Timer 04:00
0 Plays Today
% Correct
a box of chocolates?
98.2%
home?
97.8%
a martini?
97.7%
the Force?
95.1%
another day?
92.3%
elementary?
92.2%
Beauty?
91.8%
a beautiful friendship?
89.9%
the day?
86.1%
a failure to communicate?
83.5%
the pod bay doors?
82.6%
the world?
82.1%
your stinking paws?
79.9%
you're sorry?
77.2%
nothing yet?
76.6%
% Correct
the Gipper?
73.7%
the money?
73.1%
Mr. Tibbs?
72.1%
my close-up?
71.7%
Who?
71%
alone?
62.8%
this?
60.8%
the top of the world?
58.9%
Soylent Green?
56.4%
your little dog?
51.2%
how to whistle?
50.4%
up?
50%
in my pajamas?
49.2%
back?
47.8%
the pictures?
38.7%

You're not logged in!

Compare scores with friends on all Sporcle quizzes.
Join for Free
OR
Log In

You Might Also Like...

Show Comments

Extras

Top Quizzes Today


Score Distribution

Your Account Isn't Verified!

In order to create a playlist on Sporcle, you need to verify the email address you used during registration. Go to your Sporcle Settings to finish the process.

Report this User

Report this user for behavior that violates our Community Guidelines.

Details: